Catálogo
 En Linea

Premio internacionales trieste poesía 2011 / (Registro nro. 40216)

Detalles MARC
000 -CABECERA
campo de control de longitud fija 00574nam a2200169 a 4500
001 - NÚMERO DE CONTROL
campo de control 000040726
005 - FECHA Y HORA DE LA ÚLTIMA TRANSACCIÓN
campo de control 20201002034332.0
008 - DATOS DE LONGITUD FIJA--INFORMACIÓN GENERAL
campo de control de longitud fija 130905s2011 ve 000 0 spa d
020 ## - NÚMERO INTERNACIONAL ESTÁNDAR DEL LIBRO
Número Internacional Estándar del Libro 9788888475424
040 ## - FUENTE DE LA CATALOGACIÓN
Centro catalogador/agencia de origen DO-SdBNP
100 1# - ENTRADA PRINCIPAL--NOMBRE DE PERSONA
Nombre de persona Berroa, Rei
9 (RLIN) 319
245 10 - MENCIÓN DE TÍTULO
Título Premio internacionales trieste poesía 2011 /
Mención de responsabilidad, etc. Rei Berroa.
246 13 - FORMA VARIANTE DE TÍTULO
Título propio/Titulo breve Eufemistica per vivere tranquilli, antología poetica
Resto del título Premio internacionale trieste poesía
260 ## - PUBLICACIÓN, DISTRIBUCIÓN, ETC.
Lugar de publicación, distribución, etc. [Caracas] :
Nombre del editor, distribuidor, etc. Franco Puzzo Editore.
300 ## - DESCRIPCIÓN FÍSICA
Extensión 48 p. ;
Dimensiones 22 cm.
586 ## - NOTA DE PREMIOS
Nota de premios Premio internacionales trieste poesía 2011
Existencias
Estado de retiro Estado de pérdida Restricciones de uso No para préstamo Código de colección Localización permanente Ubicación/localización actual Ubicación en estantería Fecha de adquisición Número de inventario Total de préstamos Signatura topográfica completa Código de barras Fecha visto por última vez Precio válido a partir de Tipo de ítem Koha
      Excluido de préstamo Monografías: Libros y Folletos Patrimonio Dominicano Patrimonio Dominicano En catalogación 05.09.2013 LF1   40726-10 25.06.2020 25.06.2020 No se presta

Con tecnología Koha